[Event "Aarhus Masters op"]
[Site "Aarhus"]
[Date "1998.??.??"]
[Round "2"]
[White "Jensen, Jacob Bjerre"]
[Black "Lindfeldt, Jan Magnus"]
[Result "0-1"]
[WhiteElo "2175"]
[BlackElo "2230"]

1.d4 Nf6 2.Nf3 g6 3.c4 Bg7 4.Nc3 O-O 5.e4 d6 6.Be2 e5 7.O-O Nc6 8.d5 Ne7
9.Ne1 Ne8 10.Nd3 f5 11.Bd2 c5 12.Rb1 Nf6 13.f3 h5 14.b4 b6 15.bxc5 bxc5 16.Qa4 Rf7
17.Rb2 f4 18.Rfb1 g5 19.Rb8 Rxb8 20.Rxb8 Nd7 21.Rb2 a6 22.Nd1 Qf8 23.N1f2 Bf6
24.Bd1 Rg7 25.h3 Kh7 26.Qa5 Ng8 27.Qc7 Nh6 28.Ba4 g4 29.hxg4 hxg4 30.fxg4 Bh4
31.Bxd7 Bxd7 32.Rb6 Bxg4 33.Qxd6 Qxd6 34.Rxd6 Bf3 35.Rxa6 Bxg2 36.Kh2 Bf1
37.Nxf4 Bg3+ 38.Kg1 Bxf4+ 39.Kxf1 Bxd2 40.d6 Be3 41.Ke2 Bd4 42.Nd3 Rd7  0-1

[Event "Faro op"]
[Site "Algarve"]
[Date "1998.??.??"]
[Round "7"]
[White "Pinho, Paulo"]
[Black "Del Rey, Diego"]
[Result "0-1"]
[WhiteElo "2150"]
[BlackElo "2360"]

1.d4 Nf6 2.c4 g6 3.Nc3 Bg7 4.e4 d6 5.Nf3 O-O 6.Be2 e5 7.O-O Nc6 8.d5 Ne7
9.Ne1 Nd7 10.f3 f5 11.Be3 f4 12.Bf2 g5 13.a4 Ng6 14.a5 Rf7 15.b4 Nf6 16.c5 Bf8
17.c6 bxc6 18.dxc6 Be6 19.b5 Kh8 20.Nd5 g4 21.fxg4 Nxe4 22.Bf3 Ng5 23.Ra4 Nxf3+
24.gxf3 h5 25.h3 hxg4 26.fxg4 Rh7 27.Ra3 Ne7 28.Nf6 Rg7 29.Qc2 Bf5 30.Qe2 Rg6
31.Nh5 Nd5 32.Ng2 Be6 33.Qe4 Rh6 34.Qe2 Bf7 35.Rd1 Nf6 36.Nxf6 Qxf6 37.Rc3 d5
38.Rf3 Kg8 39.Qe1 Bd6 40.Bh4 Qg7 41.Rf1 Rf8 42.Qc3 d4 43.Qf3 Bc4  0-1

[Event "UKR-chT"]
[Site "Alushta"]
[Date "1998.??.??"]
[Round "?"]
[White "Savchenko, Stanislav"]
[Black "Stets, Dmitry"]
[Result "1/2-1/2"]
[WhiteElo "2595"]
[BlackElo "2420"]

1.Nf3 Nf6 2.c4 g6 3.Nc3 Bg7 4.e4 d6 5.d4 O-O 6.Be2 e5 7.O-O Nc6 8.d5 Ne7
9.b4 Nh5 10.Re1 f5 11.Ng5 Nf6 12.Bf3 fxe4 13.Ngxe4 Nf5 14.Bg5 Nd4 15.Be2 a5
16.bxa5 Rxa5 17.Nb5 Nxe2+ 18.Qxe2 Bf5 19.Ng3 Qd7 20.a4 Raa8 21.Qd2 Rf7 22.Ra2 Kh8
23.Qb4 b6 24.Nc3 h6 25.Bxf6 Bxf6 26.a5 Rxa5 27.Rxa5 bxa5 28.Qxa5 Kh7 29.Nge4 Bh4
30.c5 Bd8 31.Qa8 Rf8 32.Qb7 Rf7 33.Qb4 Be7 34.c6 Qe8 35.Ra1 Bf8 36.Ra7 Qd8
37.Qa5 Kg7 38.g3 Qb8 39.Rb7 Qc8 40.Qa7 Bh3  1/2-1/2

[Event "AUT-chT2W 9798"]
[Site "Austria"]
[Date "1998.??.??"]
[Round "8"]
[White "Hackbarth, Wolfgang"]
[Black "Schiestl, Josef"]
[Result "1/2-1/2"]
[WhiteElo "2185"]
[BlackElo "2190"]

1.c4 g6 2.d4 Nf6 3.Nc3 Bg7 4.e4 d6 5.Nf3 O-O 6.Be2 e5 7.O-O Nc6 8.d5 Ne7
9.Ne1 Nd7 10.Be3 f5 11.f3 f4 12.Bf2 g5 13.g4 a5 14.Nd3 b6  1/2-1/2

[Event "AUT-chT2W 9798"]
[Site "Austria"]
[Date "1998.??.??"]
[Round "8"]
[White "Ager, Josef"]
[Black "Kleissl, Helmut"]
[Result "1/2-1/2"]
[WhiteElo "2140"]
[BlackElo "2275"]

1.d4 Nf6 2.c4 g6 3.Nc3 Bg7 4.e4 d6 5.Nf3 O-O 6.Be2 e5 7.O-O Nc6 8.d5 Ne7
9.Ne1 Nd7 10.Be3 f5 11.f3 f4 12.Bf2 g5 13.Rc1 Ng6 14.c5 dxc5 15.b4 cxb4 16.Nb5 c5
17.dxc6 bxc6 18.Rxc6 Nf6 19.Rd6 Qe7 20.Bc5 Qb7 21.Rd8 Be6 22.Bxf8 Qb6+ 23.Bc5+ Qxd8
24.Qxd8+ Rxd8 25.Bxb4 Bxa2 26.Nxa7 Bf8  1/2-1/2

[Event "AUT-chT2W 9798"]
[Site "Austria"]
[Date "1998.??.??"]
[Round "11"]
[White "Ager, Josef"]
[Black "Amann, Guenter"]
[Result "1-0"]
[WhiteElo "2140"]
[BlackElo "2280"]

1.d4 Nf6 2.c4 g6 3.Nc3 Bg7 4.e4 d6 5.Be2 O-O 6.Nf3 e5 7.O-O Nc6 8.d5 Ne7
9.Ne1 Nd7 10.Be3 f5 11.f3 f4 12.Bf2 g5 13.Rc1 Ng6 14.c5 Nxc5 15.b4 Na6 16.Nb5 h5
17.Nxa7 Bd7 18.a4 Nh8 19.Nb5 Nf7 20.Nd3 Nh6 21.h3 Rf7 22.Be1 g4 23.fxg4 hxg4
24.hxg4 Bf6 25.Rc3 Rg7 26.Nf2 Bh4 27.Qb3 Bxg4 28.Nxg4 Nxg4 29.Bxg4 Rxg4 30.Bxh4 Rxh4
31.Rh3 Rg4 32.Rh5 Rh4 33.Qf3 Rxh5 34.Qxh5 Qe7 35.Rc1 Qg7 36.Rc3 Rf8 37.Kf2 Rf7
38.Qh4 Rf6 39.Qh3 Rh6 40.Qc8+ Kh7 41.Nxc7 f3 42.Qf5+ Kh8 43.g3 Nxc7 44.Qc8+ Ne8
45.Qxe8+ Kh7 46.Qc8 Rf6 47.Rc7 Rf8 48.Qh3+  1-0

[Event "Avoine op"]
[Site "Avoine"]
[Date "1998.??.??"]
[Round "?"]
[White "Dumitrache, Dragos"]
[Black "Gicquel, Frederic"]
[Result "1/2-1/2"]
[WhiteElo "2385"]
[BlackElo "2045"]

1.d4 Nf6 2.c4 g6 3.Nc3 Bg7 4.e4 d6 5.Be2 O-O 6.Nf3 e5 7.O-O Nc6 8.d5 Ne7
9.b4 Kh8 10.c5 Neg8 11.a4 Nh5 12.g3 f5 13.Ng5 Nf4 14.h4 h6 15.Nf3 fxe4 16.Nd2 Bh3
17.gxf4 exf4 18.Ndxe4 Qxh4 19.Ra3 Rf5 20.Nb1 Bxf1 21.Bxf1 f3 22.Ng3 Be5 23.Rxf3 Raf8
24.Nd2 Bxg3 25.fxg3  1/2-1/2

[Event "Bayern-ch Bank Hofmann 2nd"]
[Site "Bad Wiesse"]
[Date "1998.??.??"]
[Round "2"]
[White "Epishin, Vladimir"]
[Black "Zunker, Reinhard"]
[Result "1-0"]
[WhiteElo "2585"]
[BlackElo "2205"]

1.d4 Nf6 2.c4 g6 3.Nc3 Bg7 4.e4 d6 5.Nf3 O-O 6.Be2 Nc6 7.O-O e5 8.d5 Ne7
9.b4 Nh5 10.Qc2 f5 11.Ng5 Nf4 12.Bxf4 exf4 13.Rad1 fxe4 14.Ncxe4 Nf5 15.Nf3 a5
16.b5 b6 17.Neg5 Qf6 18.Rfe1 Re8 19.Bd3 Bd7 20.Ne6 Bxe6 21.dxe6 Nh4 22.Nxh4 Qxh4
23.Be4 Rad8 24.Bd5 Re7 25.Rd3 Rf8 26.Rf3 Rf5 27.Re4 Qf6 28.Qd1 g5 29.Rd3 Qa1
30.Qxa1 Bxa1 31.Rh3 Kg7 32.Kf1 Re5 33.Rxe5 Bxe5 34.Ke2 h6 35.Kf3 Bd4 36.g3 Be5
37.Kg4 Re8 38.Rh5 fxg3 39.hxg3 Rf8 40.Bc6 Bf6 41.f4 Be7 42.fxg5 hxg5 43.Rxg5+ Kf6
44.Bd5 Bd8 45.Rf5+ Kg7 46.Rf7+  1-0

[Event "Bayern-ch Bank Hofmann 2nd"]
[Site "Bad Wiesse"]
[Date "1998.??.??"]
[Round "4"]
[White "Bischoff, Klaus"]
[Black "Jugow, Alexander"]
[Result "1-0"]
[WhiteElo "2550"]
[BlackElo "2265"]

1.c4 Nf6 2.Nc3 g6 3.e4 d6 4.d4 Bg7 5.Nf3 O-O 6.Be2 e5 7.O-O Nc6 8.d5 Ne7
9.Ne1 Ne8 10.Nd3 f5 11.Bd2 h5 12.Rc1 f4 13.c5 a6 14.a4 Nf6 15.f3 g5 16.a5 g4
17.cxd6 cxd6 18.Na4 gxf3 19.Bxf3 Bg4 20.Nf2 Bxf3 21.Qxf3 Ng6 22.Nb6 Rb8 23.Rc3 Rf7
24.Rfc1 Bf8 25.Qh3 Rg7 26.Qe6+ Kh7 27.Kf1 Qe7 28.Qf5 Kg8 29.g3 h4 30.Rc7 Qd8
31.Rxg7+ Kxg7 32.gxf4 Nxf4 33.Bxf4 exf4 34.Nh3 Qe7 35.Nxf4 Re8 36.Ne6+  1-0

[Event "Hessen-ch"]
[Site "Bad Wildungen"]
[Date "1998.??.??"]
[Round "7"]
[White "Alber, Horst"]
[Black "Grafl, Florian"]
[Result "1/2-1/2"]
[WhiteElo "2315"]
[BlackElo "2165"]

1.d4 Nf6 2.c4 g6 3.Nc3 Bg7 4.e4 d6 5.Nf3 O-O 6.Be2 e5 7.O-O Nc6 8.d5 Ne7
9.b4 Nh5 10.c5 f5 11.b5 Nf4 12.Bxf4 exf4 13.e5 g5 14.cxd6 cxd6 15.Nxg5 Ng6
16.Ne6 Bxe6 17.dxe6 Bxe5 18.Qb3 Kh8 19.Rad1 Qf6 20.Nd5 Qxe6 21.Nc7 Qxb3 22.axb3 Rac8
23.Rc1 Bb2 24.Rc2  1/2-1/2

[Event "Bad Zwesten op"]
[Site "Bad Zwesten"]
[Date "1998.??.??"]
[Round "2"]
[White "Skutta, Bernd"]
[Black "Arbakov, Valentin"]
[Result "0-1"]
[WhiteElo "2110"]
[BlackElo "2475"]

1.d4 Nf6 2.Nf3 g6 3.c4 Bg7 4.Nc3 O-O 5.e4 d6 6.Be2 e5 7.O-O Nc6 8.d5 Ne7
9.Bd2 Nd7 10.Ne1 f5 11.Nd3 Nf6 12.f3 f4 13.g4 g5 14.c5 h5 15.h3 Ng6 16.Rc1 Rf7
17.cxd6 cxd6 18.Nb5 Bf8 19.a4 Rh7 20.Qc2 Ne8 21.a5 hxg4 22.hxg4 a6 23.Na3 b5
24.axb6 Qxb6+ 25.Rf2 Bd7 26.Nc4 Qa7 27.Na5 Bb5 28.Nc6 Qg7 29.Rh2 Rxh2 30.Kxh2 Nf6
31.Ba5 Qh7+ 32.Kg2 Nh4+ 33.Kf2 Nxe4+ 34.fxe4 Qxe4 35.Ne1 Qe3+ 36.Kf1 Bxe2+
37.Qxe2 Qxc1 38.Bd8 Qc5 39.Qd3 Qb5 40.Bxg5 Ng6 41.Kg2 Qxd3 42.Nxd3 Re8 43.Kf2 Be7
44.Bxe7 Nxe7 45.Ndb4 Nxc6 46.dxc6 Rc8 47.Nd5 Kf7  0-1

[Event "Baunatal op 4th"]
[Site "Baunatal"]
[Date "1998.??.??"]
[Round "2"]
[White "Solonar, Stephan"]
[Black "Stiefel, Roland"]
[Result "1/2-1/2"]
[WhiteElo "2315"]
[BlackElo "2045"]

1.c4 Nf6 2.Nc3 g6 3.e4 d6 4.d4 Bg7 5.Be2 O-O 6.Nf3 e5 7.O-O Nc6 8.d5 Ne7
9.Nd2 Ne8 10.b4 f5 11.c5 Kh8 12.f3 f4 13.Nc4 g5 14.a4 h5 15.Ba3 Rf6 16.b5 Rg6
17.b6 cxb6 18.cxd6 Ng8 19.Nb5 g4 20.fxg4 hxg4 21.g3 Nh6 22.Rc1 Nf7 23.Nc7 Bd7
24.Ne6 Qf6 25.Rxf4 exf4 26.Bb2 Qxb2 27.Nxb2 Bxb2 28.Nf8 Rxd6 29.Rb1 Be5 30.Bxg4 Bxg4
31.Qxg4 Nf6 32.Qh4+ Kg8 33.Ne6 fxg3 34.hxg3 Re8 35.Rc1 Rexe6 36.dxe6 Rxe6
37.Rc8+ Kg7 38.Kg2  1/2-1/2

[Event "Regionalliga SO9798"]
[Site "Bayern"]
[Date "1998.??.??"]
[Round "?"]
[White "Reischl, Markus"]
[Black "Huber, Hans"]
[Result "1-0"]
[WhiteElo "2025"]
[BlackElo "2050"]

1.d4 Nf6 2.c4 g6 3.Nc3 Bg7 4.e4 d6 5.Nf3 O-O 6.Be2 e5 7.O-O Nc6 8.d5 Ne7
9.Nd2 a5 10.a3 Ne8 11.Rb1 f5 12.b4 axb4 13.axb4 Nf6 14.f3 f4 15.c5 g5 16.g4 Ng6
17.Nc4 Rf7 18.cxd6 cxd6 19.Nb5 Bf8 20.Bd2 Ne8 21.Ra1 Bd7 22.Nc3 Nc7 23.Rxa8 Qxa8
24.Qa1 Qxa1 25.Rxa1 Na6 26.Nd1 Nh4 27.Kf2 h5 28.h3 hxg4 29.hxg4 Bb5 30.Ra5 Bxc4
31.Bxc4 Rc7 32.Bxa6 bxa6 33.Bc3 Ng6 34.Rxa6 Rh7 35.b5 Rb7 36.b6 Ne7 37.Nb2 Nc8
38.Nc4 Kf7 39.Ke2 Ke8 40.Be1 Kd7 41.Bf2  1-0

[Event "Regionalliga SO9798"]
[Site "Bayern"]
[Date "1998.??.??"]
[Round "?"]
[White "Juettner, Andreas"]
[Black "Schmidbauer, Franz"]
[Result "0-1"]
[WhiteElo "1975"]
[BlackElo "1900"]

1.d4 Nf6 2.Nf3 g6 3.c4 Bg7 4.Nc3 O-O 5.e4 d6 6.Be2 e5 7.O-O Nc6 8.d5 Ne7
9.b4 a5 10.bxa5 Rxa5 11.Nd2 b6 12.Nb3 Ra8 13.a4 Nd7 14.a5 f5 15.axb6 Rxa1
16.bxc7 Qxc7 17.Nxa1 Nc5 18.f3 Nxe4 19.fxe4 Qa7+ 20.Kh1 Qxa1 21.Nb5 Qa6 22.Ba3 Rd8
23.Qd2 h6 24.Qb4 fxe4 25.Nxd6 Nxd5 26.Qb5 Nc3 27.Qxa6 Bxa6 28.Bg4 e3 29.Bb4 e4
30.Re1 Rb8 31.Ba5 h5 32.Be6+ Kh7 33.Bc7 Rb1 34.Rxb1 Nxb1  0-1

[Event "Regionalliga NO9899"]
[Site "Bayern"]
[Date "1998.??.??"]
[Round "?"]
[White "Schatz, Christian"]
[Black "Kordts, Wolfgang"]
[Result "1/2-1/2"]
[WhiteElo "2145"]
[BlackElo "2165"]

1.Nf3 Nf6 2.c4 g6 3.Nc3 Bg7 4.e4 d6 5.d4 O-O 6.Be2 e5 7.O-O Nc6 8.dxe5 dxe5
9.h3 h6 10.Be3 Be6 11.c5 a6 12.Qa4 Qe7 13.Rfd1 Rfd8 14.Bc4 Rxd1+ 15.Rxd1 Bxc4
16.Qxc4 Rd8 17.Qb3 Rxd1+ 18.Qxd1 Kh7 19.Qb3 Nd8 20.Nd2 c6 21.Qb6 Ne8 22.Nc4 Qc7
23.Qb3 Qe7 24.Qb6 Qc7 25.Qb3 Qe7 26.Na5 Bf8 27.Qd1 Ne6 28.Qb3 Nd8 29.Qd1 Ne6
30.Qb3 Nd8 31.Qd1 Qc7 32.Nc4 Ne6 33.b4 f6 34.Qg4 Qe7 35.Na5 Bg7 36.Qd1 f5
37.f3 Nd4 38.Qd3 f4 39.Bf2 Qd7 40.Ne2 Nxe2+ 41.Qxe2 Bf6  1/2-1/2

[Event "Regionalliga SO9798"]
[Site "Bayern"]
[Date "1998.??.??"]
[Round "?"]
[White "Hecht, Hans Joachim"]
[Black "Eckerl, Uwe"]
[Result "1-0"]
[WhiteElo "2405"]
[BlackElo "2200"]

1.d4 Nf6 2.c4 g6 3.Nc3 Bg7 4.e4 d6 5.Nf3 O-O 6.Be2 e5 7.O-O Nc6 8.d5 Ne7
9.Nd2 a5 10.a3 Ne8 11.Rb1 f5 12.b4 axb4 13.axb4 Bh6 14.Nb3 Bxc1 15.Rxc1 Nf6
16.f3 f4 17.c5 g5 18.Nb5 g4 19.fxg4 Nxe4 20.cxd6 cxd6 21.Nc7 Ra2 22.Bd3 Ng5
23.Nd2 Ng6 24.Bxg6 hxg6 25.h4 Rf7 26.hxg5 Rxc7 27.Ne4 Kg7 28.Nf6 Rf7 29.Qb3 Ra8
30.Qh3 Kf8 31.Rxf4 Ke7 32.Rf2 b5 33.Rcf1 Rg7 34.Qh6 Qf8 35.Ne8  1-0

[Event "Oberliga Bayern9798"]
[Site "Bayern"]
[Date "1998.??.??"]
[Round "?"]
[White "Deglmann, Ludwig"]
[Black "Gaso, Robert"]
[Result "1/2-1/2"]
[WhiteElo "2175"]
[BlackElo "2180"]

1.Nf3 Nf6 2.d4 g6 3.c4 Bg7 4.Nc3 O-O 5.e4 d6 6.Be2 e5 7.O-O Nc6 8.d5 Ne7
9.Ne1 Nd7 10.Be3 f5 11.f3 f4 12.Bf2 g5 13.a4 Ng6 14.Nb5 Nf6 15.c5 g4 16.cxd6 cxd6
17.fxg4 Nxe4 18.Bf3 Ng5 19.Nc3 Nxf3+ 20.gxf3 h5 21.h3 hxg4 22.hxg4 Qg5 23.Ne4 Qh6
24.Kg2 Bxg4 25.fxg4 f3+ 26.Nxf3 Nf4+ 27.Kg1  1/2-1/2

[Event "Oberliga Bayern9798"]
[Site "Bayern"]
[Date "1998.??.??"]
[Round "?"]
[White "De Francesco, Klaus"]
[Black "Hackenberg, Andreas"]
[Result "1/2-1/2"]
[WhiteElo "2255"]
[BlackElo "2170"]

1.d4 Nf6 2.c4 g6 3.Nc3 Bg7 4.e4 O-O 5.Nf3 d6 6.Be2 e5 7.O-O Nc6 8.d5 Ne7
9.b4 a5 10.bxa5 Rxa5 11.a4 b6 12.Ba3 Ra8 13.Bb4 Bg4 14.Nd2 Bxe2 15.Qxe2 h6
16.a5 c5 17.dxc6 Nxc6 18.Ba3 Nd4 19.Qd3 Rxa5 20.Bb4 Rxa1 21.Rxa1 Nh5 22.g3 Qg5
23.Kh1 Nf6 24.Nf3 Qh5 25.Kg2 Nxf3 26.Qxf3  1/2-1/2

[Event "Regionalliga SW9798"]
[Site "Bayern"]
[Date "1998.??.??"]
[Round "?"]
[White "Schulz, Michael"]
[Black "Jermann, Frank"]
[Result "1-0"]
[WhiteElo "2120"]
[BlackElo "2050"]

1.d4 Nf6 2.Nf3 g6 3.c4 Bg7 4.Nc3 O-O 5.e4 d6 6.Be2 e5 7.O-O Nc6 8.d5 Ne7
9.Ne1 Nd7 10.Nd3 f5 11.exf5 Nxf5 12.f3 Nf6 13.Nf2 Nd4 14.Nfe4 Nxe4 15.Nxe4 Bf5
16.Bd3 c5 17.Bg5 Qc7 18.Qd2 Rab8 19.b4 Bxe4 20.fxe4 b6 21.b5 Rxf1+ 22.Rxf1 Rf8
23.Rxf8+ Bxf8 24.Qf2 h6 25.Bd2 Qf7 26.Be2 Qxf2+ 27.Kxf2 Nxe2 28.Kxe2 Kg7
29.Kf3 Be7 30.a4 Bd8 31.g3 Kh7 32.Kg4 Kg7 33.h4 Kh7 34.h5 Kg7 35.Bc3 Bf6
36.a5 Bg5 37.Be1 Bd8 38.a6 Be7 39.Bd2 g5 40.Kf5 Kf7 41.Bc3 Bf6 42.g4 Bd8
43.Bxe5 dxe5 44.Kxe5 Ke7 45.Kf5 Bc7 46.e5 Kf7 47.d6 Bb8 48.e6+ Kf8 49.Ke5 Ke8
50.Kd5 Kd8 51.Kc6 Ke8 52.e7  1-0

[Event "Regionalliga SW9798"]
[Site "Bayern"]
[Date "1998.??.??"]
[Round "?"]
[White "Reichert, Leif"]
[Black "Muench, Klaus Norbert"]
[Result "1/2-1/2"]
[WhiteElo "2290"]
[BlackElo "2030"]

1.Nf3 Nf6 2.c4 g6 3.Nc3 Bg7 4.e4 O-O 5.d4 d6 6.Be2 Nc6 7.O-O e5 8.d5 Ne7
9.Ne1 Nd7 10.Nd3 f5 11.Bd2 f4 12.Bg4 h5 13.Be6+ Kh7 14.g3 Bh6 15.Kh1 Nc5
16.Nxc5 dxc5 17.g4 Bxe6 18.dxe6 h4 19.f3 Nc6 20.Nd5 Bg5 21.b4 cxb4 22.Bxb4 Nxb4
23.Nxb4 c6 24.Rb1 Re8 25.Nd3 Qc7 26.Nc5 b6 27.Qd7+ Qxd7 28.exd7 Re7 29.Nd3 Rd8
30.Nb4 Re6 31.Rfd1 c5 32.Na6 Re7 33.Nb8 Re6  1/2-1/2

[Event "Landesliga Nord9798"]
[Site "Bayern"]
[Date "1998.??.??"]
[Round "?"]
[White "Luft, Josef"]
[Black "Saathoff, Richard"]
[Result "0-1"]
[WhiteElo "2115"]
[BlackElo "2150"]

1.d4 Nf6 2.Nf3 g6 3.c4 Bg7 4.Nc3 O-O 5.e4 d6 6.Be2 e5 7.O-O Nc6 8.d5 Ne7
9.b4 Nh5 10.c5 Nf4 11.Bxf4 exf4 12.Rc1 a6 13.Qb3 h6 14.cxd6 cxd6 15.b5 g5
16.bxa6 bxa6 17.Rfd1 Ng6 18.Nd4 g4 19.Nc6 Qh4 20.Na4 Ne5 21.Nb6 Nxc6 22.Rxc6 Rb8
23.Qa3 f3 24.Bc4 fxg2 25.Qxd6 Bb7 26.Rc7 Qh5 27.Qg3 Be5 28.Nd7 Bxg3 29.Nf6+ Kh8
30.Nxh5 Bxc7  0-1

[Event "Landesliga Nord 9899"]
[Site "Bayern"]
[Date "1998.??.??"]
[Round "?"]
[White "Trmota, Zdenek"]
[Black "Jirovsky, Petr"]
[Result "1/2-1/2"]
[WhiteElo "2275"]
[BlackElo "2275"]

1.d4 Nf6 2.Nf3 g6 3.c4 Bg7 4.Nc3 O-O 5.e4 d6 6.Be2 e5 7.O-O Nc6 8.d5 Ne7
9.Nd2 c5 10.Rb1 Ne8 11.b4 b6 12.a4 Bd7 13.a5 Nc8 14.Qb3 f5 15.bxc5 dxc5 16.axb6 axb6
17.Nb5 Bxb5 18.Qxb5 Ned6 19.Qb3 Kh8 20.Bd3 fxe4 21.Nxe4 Nxe4 22.Bxe4 Qh4
23.Bd3 Ra7 24.Be3 e4 25.Be2 Raf7 26.Qc2 h5 27.g3 Qe7 28.Qd2 Kh7 29.Rfd1 Be5
30.Bf1 Bc7 31.Bg5 Qe5 32.Be3 Nd6 33.Rbc1 Nf5 34.Bf4 Qf6 35.Bxc7 Rxc7 36.Qf4 Ra7
37.Bh3 Nd4 38.Qxf6 Rxf6 39.Ra1 Raf7 40.Ra2 b5 41.cxb5 Nxb5 42.Rc1 Nd4 43.Bg2 Nf3+
44.Bxf3 exf3  1/2-1/2

[Event "Landesliga Sued9798"]
[Site "Bayern"]
[Date "1998.??.??"]
[Round "?"]
[White "Wuerdinger, Alexander"]
[Black "Ruether, Rudolf"]
[Result "1/2-1/2"]
[WhiteElo "2045"]
[BlackElo "2160"]

1.d4 g6 2.c4 Bg7 3.Nf3 Nf6 4.Nc3 O-O 5.e4 d6 6.Be2 e5 7.O-O Nc6 8.dxe5 dxe5
9.Qxd8 Rxd8 10.Bg5 Re8 11.Nd5 Nxd5 12.cxd5 Nd4 13.Nxd4 exd4 14.f3 Bd7 15.Bc4 c6
16.a4 Rac8 17.Rfd1 cxd5 18.Bxd5 Rc2 19.b3 Be6 20.Bxe6 fxe6 21.Rac1 Rc3 22.b4 Rec8
23.Bd2 Rc2 24.Kf1 R8c4 25.Rxc2 Rxc2 26.Ke2 Ra2 27.a5 Ra3 28.Rc1 d3+ 29.Ke3 Bh6+
30.f4 g5 31.Rc3 gxf4+  1/2-1/2

[Event "Beersheba"]
[Site "Beersheba"]
[Date "1998.??.??"]
[Round "5"]
[White "Alienkin, Aleksander"]
[Black "Lederer, Yoav"]
[Result "1/2-1/2"]
[WhiteElo "2415"]
[BlackElo "2270"]

1.Nf3 Nf6 2.c4 g6 3.Nc3 Bg7 4.e4 d6 5.d4 O-O 6.Be2 e5 7.O-O Nc6 8.Be3 Re8
9.dxe5 dxe5 10.h3 Nh5 11.Qxd8 Nxd8 12.c5 Nf4 13.Bc4 Be6 14.Nd5 Rc8 15.Rac1 c6
16.Nxf4 exf4 17.Bxf4 Bxb2 18.Rc2 Bxc4 19.Rxc4 b5 20.cxb6 axb6 21.Rb4 Bc3
22.Rxb6 Rxe4 23.Be3 Ra4 24.Rb3 Bg7 25.a3 Bf8 26.Ra1 c5 27.Rab1 Nc6 28.Rc3 c4
29.Nd2 Na5 30.Bb6 Bh6 31.Nf3 Nc6 32.Bc5 Bg7 33.Re3 c3 34.Rc1 Rc4 35.Bd6 c2
36.Re2 Nd4 37.Nxd4 Bxd4 38.Be5 Re8 39.Bxd4 Rxe2 40.Be3  1/2-1/2

[Event "Beersheba-St Petersburg"]
[Site "Beersheba"]
[Date "1998.??.??"]
[Round "10"]
[White "Ivanov, Sergey"]
[Black "Avrukh, Boris"]
[Result "1/2-1/2"]
[WhiteElo "2570"]
[BlackElo "2525"]

1.Nf3 Nf6 2.c4 g6 3.Nc3 Bg7 4.e4 d6 5.d4 O-O 6.Be2 e5 7.O-O Nc6 8.d5 Ne7
9.b4 Nh5 10.Re1 f5 11.Ng5 Nf6 12.Bf3 c6 13.Bb2 h6 14.Ne6 Bxe6 15.dxe6 fxe4
16.Bxe4 Qb6 17.Qb3 d5 18.cxd5 cxd5 19.Bxd5 Ng4 20.Ne4 Rad8 21.Qg3 Nxf2 22.Nxf2 Rxd5
23.Re2 Qxe6 24.Rae1 Nc6 25.Nd3 Qf5 26.Nc5 Qf7 27.Qb3 b6 28.Nd3 Nd4 29.Bxd4 Rxd4
30.Qxf7+ Rxf7 31.Nxe5 Bxe5 32.Rxe5 Rxb4 33.Re6 Kg7 34.h3 Ra4 35.R1e2 h5 36.Rc6 Ra3
37.Kh2 h4 38.Re4 Rxa2 39.Rg4 Rf6 40.Rc7+ Rf7 41.Rc6 Rf6 42.Rc7+ Kh6 43.Rxh4+ Kg5
44.Rg4+ Kf5 45.Rcc4 Re2 46.h4 Ke6 47.Rc7 a5 48.Rg7 b5 49.Rg5 Rb2 50.Ra7 a4
51.h5 gxh5 52.Ra6+ Kf7  1/2-1/2

[Event "Berliner Sommer 16th"]
[Site "Berlin"]
[Date "1998.??.??"]
[Round "2"]
[White "Kiesekamp, Marcos"]
[Black "Volke, Karsten"]
[Result "0-1"]
[WhiteElo "2220"]
[BlackElo "2455"]

1.d4 Nf6 2.c4 g6 3.Nc3 Bg7 4.e4 O-O 5.Nf3 d6 6.Be2 e5 7.O-O Nc6 8.d5 Ne7
9.Ne1 Nd7 10.Be3 f5 11.f3 f4 12.Bf2 g5 13.a4 a5 14.Nd3 b6 15.b4 axb4 16.Nxb4 Nc5
17.a5 bxa5 18.Bxc5 dxc5 19.Nd3 Nc6 20.dxc6 Qd4+ 21.Nf2 Qxc3 22.Qd5+ Kh8 23.Rfd1 Bf6
24.Bf1 g4 25.Qxc5 Rg8 26.Rab1 gxf3 27.Rd3 Qc2 28.Rb7 fxg2 29.Bxg2 Bh3  0-1

[Event "Berliner Sommer 16th"]
[Site "Berlin"]
[Date "1998.??.??"]
[Round "3"]
[White "Grigore, George"]
[Black "Sheldon, Ruth"]
[Result "1-0"]
[WhiteElo "2475"]
[BlackElo "2220"]

1.d4 Nf6 2.c4 g6 3.Nc3 Bg7 4.e4 d6 5.Be2 O-O 6.Nf3 e5 7.O-O Nc6 8.d5 Ne7
9.Nd2 a5 10.Rb1 Nd7 11.a3 f5 12.b4 Rf7 13.Qc2 f4 14.Bg4 Kh8 15.Nb5 b6 16.Bb2 Bb7
17.Bc3 a4 18.Nf3 Bf6 19.c5 Ba6 20.Qxa4 bxc5 21.Bxd7 Qxd7 22.bxc5 g5 23.Nd2 Rff8
24.Qc4 g4 25.f3 Rg8 26.a4 Rg6 27.Qe2 Rag8 28.Rb2 h5 29.Nc4 Bg7 30.Ba5 Kh7
31.Nxc7 Qxa4 32.Nxa6  1-0

[Event "Berliner Sommer 16th"]
[Site "Berlin"]
[Date "1998.??.??"]
[Round "4"]
[White "Naumann, Alexander"]
[Black "Rudolf, Henrik"]
[Result "0-1"]
[WhiteElo "2465"]
[BlackElo "2325"]

1.d4 g6 2.Nf3 Bg7 3.c4 d6 4.Nc3 Nf6 5.e4 O-O 6.Be2 e5 7.O-O Nc6 8.d5 Ne7
9.b4 Nh5 10.Re1 f5 11.Ng5 Nf6 12.Bf3 fxe4 13.Ncxe4 Nf5 14.Nxf6+ Bxf6 15.Ne6 Bxe6
16.dxe6 e4 17.Bxe4 Bxa1 18.Bxb7 Rb8 19.Bd5 Ne7 20.b5 Nxd5 21.Qxd5 Qe7 22.Be3 Bc3
23.Rc1 Ba5 24.Bg5 Qg7 25.e7+ Rf7 26.c5 Qb2 27.cxd6 cxd6 28.Qe6 Re8 29.h4 Qe5
30.Qg4 Rfxe7 31.Bxe7 Rxe7 32.Rc8+ Kg7 33.Qf3 Rf7 34.Qa8 Qe1+ 35.Kh2 Qxf2
36.Rg8+ Kh6  0-1

[Event "Biel op"]
[Site "Biel"]
[Date "1998.??.??"]
[Round "2"]
[White "Giertz, Niklaus"]
[Black "Pavlovic, Milos"]
[Result "0-1"]
[WhiteElo "2310"]
[BlackElo "2535"]

1.d4 Nf6 2.c4 g6 3.Nc3 Bg7 4.e4 d6 5.Nf3 O-O 6.Be2 e5 7.O-O Nc6 8.d5 Ne7
9.Ne1 Nd7 10.Be3 f5 11.f3 f4 12.Bf2 g5 13.a4 Ng6 14.a5 h5 15.Nb5 Nf6 16.Nxa7 Bd7
17.c5 g4 18.c6 bxc6 19.Nxc6 Qe8 20.b4 Kh8 21.b5 g3 22.hxg3 fxg3 23.Bxg3 h4
24.Bf2 Nf4 25.Nd3 N6h5 26.Bxh4 Qg6 27.g4 Bf6 28.Nxf4 Nxf4 29.Bg3 Kg7 30.Ra2 Rh8
31.Bd3 Bg5 32.Rh2 Rxh2 33.Bxh2 Qh6 34.Bxf4 Bxf4 35.Qe2 Be3+ 36.Kg2 Rh8 37.Qxe3 Qh2+  0-1

[Event "Biel"]
[Site "Biel"]
[Date "1998.??.??"]
[Round "4"]
[White "Mittelman, Gur"]
[Black "Jenni, Florian"]
[Result "1/2-1/2"]
[WhiteElo "2415"]
[BlackElo "2415"]

1.Nf3 Nf6 2.c4 g6 3.Nc3 Bg7 4.e4 d6 5.d4 O-O 6.Be2 e5 7.O-O Nc6 8.d5 Ne7
9.b4 a5 10.Ba3 Nd7 11.bxa5 Rxa5 12.Bb4 Ra8 13.a4 Bh6 14.a5 f5 15.Nd2 Nf6
16.c5 Bxd2 17.Qxd2 Nxe4 18.Nxe4 fxe4 19.cxd6 cxd6 20.Bd1 b6 21.Bc2 Rf4 22.Rfe1 Nf5
23.Rxe4 Rxe4 24.Bxe4 Nd4 25.Ra3 bxa5 26.Bxa5 Qe8 27.h3 Bf5 28.Bxf5 Nxf5 29.Bb4 Rxa3
30.Bxa3 Qa4 31.Bb4 Qb3 32.Kh2 Qc4 33.Ba3 Qb5 34.Qc3 Qa6 35.Qb4 Qa7 36.Kg1 Qc7
37.g4 Ne7 38.Qxd6 Qxd6 39.Bxd6 Nxd5 40.Bxe5 h5  1/2-1/2

[Event "Biel op"]
[Site "Biel"]
[Date "1998.??.??"]
[Round "4"]
[White "Giertz, Niklaus"]
[Black "Antic, Dejan"]
[Result "1-0"]
[WhiteElo "2310"]
[BlackElo "2460"]

1.d4 Nf6 2.c4 g6 3.Nc3 Bg7 4.e4 d6 5.Nf3 O-O 6.Be2 e5 7.O-O Nc6 8.d5 Ne7
9.Ne1 Nd7 10.Be3 f5 11.f3 f4 12.Bf2 g5 13.a4 h5 14.a5 Ng6 15.Nb5 Nf6 16.Nxa7 Bd7
17.c5 g4 18.cxd6 g3 19.Bc5 Nh7 20.Bb5 Qh4 21.h3 Bxh3 22.gxh3 Qxh3 23.Qe2 cxd6
24.a6 dxc5 25.axb7 Rab8 26.Ba6 Nh4 27.Nc6 Ng5 28.Ra3 Qd7 29.Nxb8 Rxb8 30.Rb3 Bf8
31.Rb6 c4 32.Rc6 Rxb7 33.Bxb7 Qxb7 34.Ng2 Nxg2 35.Kxg2 Kf7 36.Rh1 Qb3 37.Rxh5 Be7
38.d6 Bd8 39.Qxc4+ Qxc4 40.Rxc4 Ke6 41.Rc8  1-0

[Event "Biel op"]
[Site "Biel"]
[Date "1998.??.??"]
[Round "7"]
[White "Joksic, Sinisa"]
[Black "Bischoff, Peter"]
[Result "1-0"]
[WhiteElo "2335"]
[BlackElo "2215"]

1.d4 Nf6 2.Nf3 g6 3.c4 Bg7 4.Nc3 d6 5.e4 O-O 6.Be2 e5 7.O-O Nc6 8.d5 Ne7
9.b4 Nh5 10.Re1 Nf4 11.Bf1 f5 12.Be3 h6 13.Nd2 g5 14.c5 fxe4 15.Ndxe4 Nf5
16.g3 Ng6 17.Rc1 Rf7 18.Bg2 Nxe3 19.Rxe3 g4 20.cxd6 cxd6 21.Nb5 Bf8 22.Rec3 Bf5
23.Nc7 Rb8 24.a4 Be7 25.a5 Bg5 26.Ne6 Bxe6 27.dxe6 Rg7 28.Nxg5 hxg5 29.Qxg4 Ne7
30.Rd3 b6 31.Rcd1 bxa5 32.Rxd6 Qf8 33.bxa5  1-0

[Event "Biel op"]
[Site "Biel"]
[Date "1998.??.??"]
[Round "7"]
[White "Kallai, Gabor"]
[Black "Pavlovic, Milos"]
[Result "1/2-1/2"]
[WhiteElo "2505"]
[BlackElo "2505"]

1.d4 Nf6 2.Nf3 g6 3.c4 Bg7 4.Nc3 d6 5.e4 O-O 6.Be2 e5 7.O-O Nc6 8.dxe5 dxe5
9.Qxd8 Nxd8 10.Be3 Ne6 11.Rad1 Re8 12.Rfe1 b6 13.Nxe5 Nxe4 14.Bf3 Bb7 15.Nxe4  1/2-1/2